Europäische Fußballstadien - Bilderquiz - Statistiken

Allgemein
  • Dieses Quiz wurde 41 mal gespielt
  • Das Durchschnittsergebnis liegt bei 8 aus 16
Antwortstatistiken
Bildquiz Antwort % Korrekt
Olympiastadion
88%
Camp Nou
78%
Signal-Iduna-Park
78%
Anfield
72%
Old Trafford
72%
Weserstadion
72%
Giuseppe-Meazza-Stadion
69%
Wembley
63%
Red Bull Arena
59%
MHPArena
44%
Fritz-Walter-Stadion
38%
Vélodrome
28%
Johan-Cruyff-Arena
25%
St. James´ Park
25%
Tottenham Hotspur Stadium
25%
Ernst-Happel-Stadion
6%
Keine übereinstimmenden Quizze gefunden
Verteilung der Resultate
Anzahl Personen mit jedem Resultat
Perzentil nach korrekt beantworteten Fragen
Ihre Resultats-Entwicklung
Sie haben dieses Quiz noch nicht gespielt